00365nam a2200109Ia 4500008004100000082001500041245005500056300002100111942000700132999001900139952009700158230907s9999||||xx |||||||||||||| ||und|| a341.2bINT 0aInternational organization and global governance / axxv, 700 pages : cBK c600150d600150 00104070aCAS-EbCAS-Ed2019-10-28l0o341.2 INTpCAS-E0004249r2023-09-12w2023-09-12yBK